Welcome to WEB OPAC of MRSPTU Central Library

Corporate legal environment (Record no. 5564)

MARC details
000 -LEADER
fixed length control field 00427nam a2200169Ia 4500
008 - FIXED-LENGTH DATA ELEMENTS--GENERAL INFORMATION
fixed length control field 230711s9999||||xx |||||||||||||| ||und||
020 ## - INTERNATIONAL STANDARD BOOK NUMBER
International Standard Book Number 978-93-272-2278-4
041 ## - LANGUAGE CODE
Language code of text/sound track or separate title ENG
082 ## - DEWEY DECIMAL CLASSIFICATION NUMBER
Classification number 658
Item number GU-C
100 ## - MAIN ENTRY--PERSONAL NAME
Personal name Gupta,CS.Priyanka
245 #0 - TITLE STATEMENT
Title Corporate legal environment
250 ## - EDITION STATEMENT
Edition statement 4th Ed.
260 ## - PUBLICATION, DISTRIBUTION, ETC.
Date of publication, distribution, etc. 2013
Place of publication, distribution, etc. New Delhi
Name of publisher, distributor, etc. Kalyani Publishers House
300 ## - PHYSICAL DESCRIPTION
Extent 854
650 ## - SUBJECT ADDED ENTRY--TOPICAL TERM
Topical term or geographic name entry element UNIVESITY BUSNIESS SCHOOL
942 ## - ADDED ENTRY ELEMENTS (KOHA)
Koha item type Book
Holdings
Withdrawn status Lost status Damaged status Not for loan Collection Home library Current library Date acquired Total checkouts Full call number Barcode Date last seen Price effective from Koha item type Date last checked out Date due
          MRSPTU Central Library MRSPTU Central Library     658 GU-C 25056 08/17/2023 08/17/2023 Book    
          MRSPTU Central Library MRSPTU Central Library     658 GU-C 25057 08/17/2023 08/17/2023 Book    
          MRSPTU Central Library MRSPTU Central Library     658 GU-C 25058 08/17/2023 08/17/2023 Book    
          MRSPTU Central Library MRSPTU Central Library     658 GU-C 25059 08/17/2023 08/17/2023 Book    
          MRSPTU Central Library MRSPTU Central Library     658 GU-C 25060 08/17/2023 08/17/2023 Book    
          MRSPTU Central Library MRSPTU Central Library     658 GU-C 25061 08/17/2023 08/17/2023 Book    
          MRSPTU Central Library MRSPTU Central Library     658 GU-C 25062 08/17/2023 08/17/2023 Book    
          MRSPTU Central Library MRSPTU Central Library     658 GU-C 25063 08/17/2023 08/17/2023 Book    
          MRSPTU Central Library MRSPTU Central Library     658 GU-C 25064 08/17/2023 08/17/2023 Book    
          MRSPTU Central Library MRSPTU Central Library     658 GU-C 25065 08/17/2023 08/17/2023 Book    
          MRSPTU Central Library MRSPTU Central Library     658 GU-C 25066 08/17/2023 08/17/2023 Book    
          MRSPTU Central Library MRSPTU Central Library     658 GU-C 25067 08/17/2023 08/17/2023 Book    
          MRSPTU Central Library MRSPTU Central Library     658 GU-C 25068 08/17/2023 08/17/2023 Book    
          MRSPTU Central Library MRSPTU Central Library     658 GU-C 25069 08/17/2023 08/17/2023 Book    
          MRSPTU Central Library MRSPTU Central Library   1 658 GU-C 25070 01/06/2026 08/17/2023 Book 12/18/2025  
          MRSPTU Central Library MRSPTU Central Library   2 658 GU-C 25071 03/18/2024 08/17/2023 Book 02/26/2024  
          MRSPTU Central Library MRSPTU Central Library   3 658 GU-C 25072 06/18/2024 08/17/2023 Book 05/24/2024  
          MRSPTU Central Library MRSPTU Central Library     658 GU-C 25073 08/17/2023 08/17/2023 Book    
          MRSPTU Central Library MRSPTU Central Library     658 GU-C 25074 08/17/2023 08/17/2023 Book    
          MRSPTU Central Library MRSPTU Central Library   1 658 GU-C 25075 05/15/2025 08/17/2023 Book 05/15/2025 06/06/2025

Website Designed and Developed by MRSPTU Central Library Team

E-mail Id: librarian@mrsptu.ac.in